|
|
|
|
| LEADER |
00000nam a22000007a 4500 |
| 005 |
20210503212411.0 |
| 007 |
cr|||| |||| |
| 008 |
210503s2016 co |||||s|||| 00||0 spa d |
| 020 |
|
|
|a 978-958-665-426-5
|
| 035 |
|
|
|a 33224
|
| 040 |
|
|
|a vLex
|
| 090 |
|
|
|c 11587
|d 11587
|
| 100 |
1 |
|
|a Rodrg̕uez, Gloria Amparo
|
| 245 |
1 |
0 |
|a Retos del constitucionalismo pluralista
|h [Recurso electrn̤ico] /
|c Gloria Amparo Rodrg̕uez, Gloria Patricia Lopera Mesa
|
| 256 |
|
|
|a Servicio en ln̕ea
|
| 260 |
|
|
|a Bogot:̀
|b Siglo del Hombre Editores,
|c 2016
|
| 300 |
|
|
|a 1 recurso electrn̤ico
|
| 500 |
|
|
|a Este libro incluye las visiones de diferentes autores que, desde la academia y los movimientos sociales, han reflexionado sobre los derechos de los pueblos indg̕enas, afrodescendientes y dems̀ poblaciones con el fin de establecer el sentido del constitucionalismo pluralista, realizar un balance de sus resultados e indagar sobre las posibilidades de hacerlo efectivo en un contexto en el que, pese a la retr̤ica multicultural, la relacin̤ con los -otros- sigue transitando la senda de la colonialidad y donde se presentan, adems̀, dificultades en el ejercicio efectivo de los derechos de estas colectividades.
|
| 506 |
1 |
|
|a Disponible solo en los productos indicados
|d vLex Global
|d vLex Global (Academic Edition, excluding Law Schools)
|d vLex Global (U.S. Academic Edition, Law Schools)
|d vLex Global (U.S. Academic Edition, excluding Law Schools)
|d vLex Global (Academic Edition, Law Schools)
|
| 650 |
0 |
4 |
|a Derecho Constitucional
|z Colombia
|
| 700 |
1 |
|
|a Lopera Mesa, Gloria Patricia
|
| 740 |
0 |
|
|a vLex Libros (Servicio en ln̕ea)
|
| 856 |
4 |
0 |
|u https://vlex.com/source/retos-del-constitucionalismo-pluralista-33224
|z Acceso restringido
|
| 942 |
|
|
|c BOOK
|
| 999 |
0 |
|
|a Constitutional right
|